Kulyat e Iqbal (Record no. 34816)

MARC details
000 -LEADER
fixed length control field 00400nam a22001697a 4500
005 - DATE AND TIME OF LATEST TRANSACTION
control field 20231207102954.0
008 - FIXED-LENGTH DATA ELEMENTS--GENERAL INFORMATION
fixed length control field 231207b |||||||| |||| 00| 0 eng d
020 ## - INTERNATIONAL STANDARD BOOK NUMBER
ISBN 978-969-416-000-6
082 ## - DEWEY DECIMAL CLASSIFICATION NUMBER
Classification number 891.4391
Item number IQB
100 ## - MAIN ENTRY--AUTHOR
Author Name Iqbal
245 ## - TITLE STATEMENT
Title Kulyat e Iqbal
250 ## - EDITION STATEMENT
Edition statement 11th ed.
260 ## - PUBLICATION, DISTRIBUTION, ETC.
Place of Publication Lahore
Name of publisher, distributor, etc. Iqbal Academy
Date of publication, distribution, etc. 2013
300 ## - PHYSICAL DESCRIPTION
Pages 754
650 ## - SUBJECT ADDED ENTRY--TOPICAL TERM
Subject / Department Literature/Urdu
245 ## - TITLE STATEMENT
-- Urdu
952 ## - LOCATION AND ITEM INFORMATION (KOHA)
-- 0
-- 0
Holdings
Lost status Damaged status Collection code Permanent Location Current Location Date acquired Accession No./Barcode Date last seen item type Koha item type
    Literature/Urdu/eng/Islamic Superior Information Resource Center (SIRC) Superior University - City Campus Superior Information Resource Center (SIRC) Superior University - City Campus 12/07/2023 28219 12/10/2025 BOOK BOOK

Powered by Koha